00868cam a2200229 4500001000500000005001700005008003900022010001600061041001300077043001200090100005000102240002900152245010200181250003800283260006000321300002700381650005000408651006300458651006300521655003100584700002300615257820181127165318.0970529s1997 ilu 000 1 eng a 970230671 aenghrus ae-ur---1 aSolzhenitsyn, Aleksandr Isaevich,d1918-2008.10aV kruge pervom.lEnglish14aThe first circle /cAleksandr I. Solzhenitsyn ; translated from the Russian by Thomas P. Whitney. aNorthwestern University Press ed. aEvanston, Ill. :bNorthwestern University Press,c1997. axiii, 674 p. ;c23 cm. 0aPolitical persecutionzSoviet UnionvFiction. 0aSoviet UnionxPolitics and governmenty1917-1936vFiction. 0aSoviet UnionxPolitics and governmenty1936-1953vFiction. 7aHistorical fiction.2gsafd1 aWhitney, Thomas P.